[Event "Greater Manchester Autumn Open"]
[Site "Manchester"]
[Date "1991.09.27"]
[Round "1"]
[White "Hague, Benjamin"]
[Black "Smith, Alan A"]
[Result "0-1"]
[WhiteElo "1984"]
[BlackElo "2240"]
[PlyCount "46"]
[EventDate "1991.09.27"]
[EventType "swiss"]
[EventRounds "5"]
[EventCountry "ENG"]
[SourceTitle "BritBase"]
[Source "John Saunders"]
[SourceDate "2024.03.28"]
[SourceVersion "1"]
[SourceVersionDate "2024.03.28"]
[SourceQuality "1"]

1. e4 Nf6 2. e5 Nd5 3. d4 d6 4. c4 Nb6 5. f4 dxe5 6. fxe5 Nc6 7. Be3 Bf5 8. Nc3
e6 9. Nf3 Bg4 10. Qd2 Bb4 11. a3 Be7 12. O-O-O Na5 13. Qc2 Bf5 14. Bd3 Naxc4
15. Bf4 Bxd3 16. Rxd3 c6 17. Ne4 Qd5 18. Rc3 O-O-O 19. Rd1 h6 20. Nfd2 Nxd2 21.
Rxd2 Qb5 22. Nd6+ Bxd6 23. exd6 Qf1+ {Source: bulletin. Contributed by Andy
Ansel, 1 April 2024.} 0-1

[Event "Greater Manchester Autumn Open"]
[Site "Manchester"]
[Date "1991.09.27"]
[Round "1"]
[White "Van Kemenade, Rudy"]
[Black "Dutton, Ian R"]
[Result "0-1"]
[WhiteElo "1968"]
[BlackElo "2128"]
[PlyCount "108"]
[EventDate "1991.09.27"]
[EventType "swiss"]
[EventRounds "5"]
[EventCountry "ENG"]
[SourceTitle "BritBase"]
[Source "John Saunders"]
[SourceDate "2024.03.28"]
[SourceVersion "1"]
[SourceVersionDate "2024.03.28"]
[SourceQuality "1"]

1. e4 c5 2. Nf3 d6 3. Bb5+ Bd7 4. Bxd7+ Qxd7 5. O-O Nc6 6. c3 Nf6 7. d4 Nxe4 8.
d5 Ne5 9. Re1 Nxf3+ 10. Qxf3 Nf6 11. c4 O-O-O 12. Nc3 h6 13. b4 cxb4 14. Nb5 a6
15. Nd4 Ng4 16. Bd2 Ne5 17. Qb3 g5 18. Qxb4 Nd3 19. Qb6 Bg7 20. Nc6 Nxe1 21.
Rxe1 $6 (21. Na7+) 21... Qc7 22. Qa7 $2 bxc6 23. Qa8+ Kd7 24. dxc6+ Ke8 25.
Qxa6 Rc8 26. Qb7 Qxb7 27. cxb7 Rb8 28. Rb1 Bd4 29. a4 Kd7 30. a5 Kc6 31. a6 f5
32. Be3 Bxe3 33. fxe3 e5 34. Kf2 Kc5 35. a7 Kc6 $1 36. axb8=Q Rxb8 37. Ra1 Rxb7
38. Ra8 Rb2+ 39. Kg3 Re2 40. Kf3 Rc2 41. Rh8 Rxc4 42. Rxh6 g4+ 43. Kg3 Rc3 44.
Kf2 Rc2+ 45. Kf1 Rc1+ 46. Kf2 Rc2+ 47. Kf1 Kd5 48. h4 Ke4 49. Rxd6 Kxe3 50. Rd1
Kf4 51. Rd3 g3 52. h5 Rc1+ 53. Ke2 Rh1 54. Rf3+ Kg4 {Source: bulletin.
Contributed by Andy Ansel, 1 April 2024.} 0-1

[Event "Greater Manchester Autumn Open"]
[Site "Manchester"]
[Date "1991.09.28"]
[Round "2"]
[White "Smith, Alan A"]
[Black "Cook, Philip R"]
[Result "1-0"]
[WhiteElo "2240"]
[BlackElo "2048"]
[PlyCount "63"]
[EventDate "1991.09.27"]
[EventType "swiss"]
[EventRounds "5"]
[EventCountry "ENG"]
[SourceTitle "BritBase"]
[Source "John Saunders"]
[SourceDate "2024.03.28"]
[SourceVersion "1"]
[SourceVersionDate "2024.03.28"]
[SourceQuality "1"]

1. Nf3 d6 2. b3 e5 3. c4 e4 4. Nd4 d5 5. cxd5 Nf6 6. e3 Bc5 7. Bb2 O-O 8. Qc2
Nbd7 9. Be2 Re8 10. Nf5 Bf8 11. Nc3 Nc5 12. Ng3 Nxd5 13. Nxd5 Qxd5 14. O-O a5
15. f3 exf3 16. Rxf3 Be6 17. Raf1 Rad8 18. d4 Na6 19. e4 Qg5 20. Bxa6 bxa6 21.
d5 Bd7 22. Qxc7 Qg6 23. a4 Bd6 24. Qxa5 Bg4 25. Rxf7 Qxf7 26. Rxf7 Kxf7 27. e5
Bb8 28. e6+ Kg8 29. Qc3 Re7 30. h3 Bd1 31. Nf5 Rc7 32. e7 {Source: bulletin.
Contributed by Andy Ansel, 1 April 2024.} 1-0

[Event "Greater Manchester Autumn Open"]
[Site "Manchester"]
[Date "1991.09.28"]
[Round "2"]
[White "Van Kemenade, Rudy"]
[Black "Moss, Neil E"]
[Result "0-1"]
[WhiteElo "1968"]
[BlackElo "1872"]
[PlyCount "98"]
[EventDate "1991.09.27"]
[EventType "swiss"]
[EventRounds "5"]
[EventCountry "ENG"]

1. e4 c6 2. d4 d5 3. e5 Bf5 4. Nc3 e6 5. g4 Bg6 6. Nge2 h6 7. h4 Be7 8. h5 Bh7
9. Be3 Qb6 10. Na4 Qa5+ 11. c3 Nd7 12. b4 Qc7 13. Bg2 b5 14. Nc5 Nb6 15. O-O
Bxc5 16. dxc5 Nc4 17. Bd4 Ne7 18. f4 Kd7 19. Ng3 g6 20. Qe2 a5 21. Rae1 Rhe8
22. Bh3 axb4 23. hxg6 fxg6 24. f5 gxf5 25. gxf5 Nxf5 26. Nxf5 Bxf5 27. Bxf5
exf5 28. Rxf5 Kc8 29. cxb4 Qg7+ 30. Kh1 Qg3 31. Rh5 Rxa2 32. Qxa2 Qf3+ 33. Qg2
Qxh5+ 34. Qh2 Qxh2+ 35. Kxh2 Kd7 36. Ra1 Ke6 37. Rf1 Kd7 38. Ra1 Nxe5 39. Ra7+
Ke6 40. Kh3 Nf3 41. Bf2 d4 42. Rc7 Kd5 43. Rd7+ Kc4 44. Kg3 Rf8 45. Rd6 Kxb4
46. Rxc6 Kc4 47. Rc7 d3 48. c6 Ne5 49. Be1 Rf6 {Source: Rudy Van Kemenade, 5
April 2024} 0-1

[Event "Greater Manchester Autumn Open"]
[Site "Manchester"]
[Date "1991.09.28"]
[Round "3"]
[White "Foulkes, Stan"]
[Black "Van Kemenade, Rudy"]
[Result "1-0"]
[WhiteElo "1920"]
[BlackElo "1968"]
[PlyCount "65"]
[EventDate "1991.09.27"]
[EventType "swiss"]
[EventRounds "5"]
[EventCountry "ENG"]

1. Nf3 g6 2. d4 f5 3. c4 Bg7 4. Nc3 Nf6 5. g3 O-O 6. Bg2 d6 7. O-O Qe8 8. d5
Na6 9. Re1 Nc5 10. Be3 Nfe4 11. Nxe4 Nxe4 12. Nd4 e5 13. dxe6 Bxe6 14. Rc1 Bf7
15. Qc2 Qe7 16. a3 Rae8 17. b4 h5 18. Nf3 c5 19. Nd2 b6 20. Nxe4 fxe4 21. Red1
g5 22. Qd2 g4 23. Bf4 Be5 24. Bh6 Bg6 25. Bxf8 Rxf8 26. Qd5+ Qf7 27. Qxf7+ Rxf7
28. e3 Bb2 29. Rc2 Bxa3 30. b5 a5 31. bxa6 Ra7 32. Rxd6 Bf7 33. Rxb6 {Source:
Rudy Van Kemenade, 5 April 2024} 1-0

[Event "Greater Manchester Autumn Open"]
[Site "Manchester"]
[Date "1991.09.28"]
[Round "3"]
[White "Toole, David"]
[Black "Smith, Alan A"]
[Result "0-1"]
[WhiteElo "1944"]
[BlackElo "2240"]
[PlyCount "58"]
[EventDate "1991.09.27"]
[EventType "swiss"]
[EventRounds "5"]
[EventCountry "ENG"]
[SourceTitle "BritBase"]
[Source "John Saunders"]
[SourceDate "2024.03.28"]
[SourceVersion "1"]
[SourceVersionDate "2024.03.28"]
[SourceQuality "1"]

1. d4 e6 2. c4 b6 3. Nc3 Bb4 4. e3 Bb7 5. Nf3 Nf6 6. Bd3 O-O 7. O-O d5 8. a3
Bd6 9. Ne5 c5 10. f4 Nc6 11. Nxc6 Bxc6 12. b3 Rc8 13. Bb2 cxd4 14. exd4 Be7 15.
Ne2 dxc4 16. bxc4 Qd7 17. Ng3 b5 18. d5 bxc4 19. Nh5 Qxd5 20. Nxf6+ Bxf6 21.
Bxh7+ Kxh7 22. Qxd5 Bxd5 23. Bxf6 gxf6 24. f5 Rg8 25. g3 Kg7 26. Rac1 c3 27.
Rf4 Rc5 28. Rg4+ Kf8 29. Ra4 a5 {Source: bulletin. Contributed by Andy Ansel,
1 April 2024.} 0-1

[Event "Greater Manchester Autumn Open"]
[Site "Manchester"]
[Date "1991.09.29"]
[Round "4"]
[White "Fallon, Paul"]
[Black "Van Kemenade, Rudy"]
[Result "1-0"]
[WhiteElo "1904"]
[BlackElo "1968"]
[PlyCount "45"]
[EventDate "1991.09.27"]
[EventType "swiss"]
[EventRounds "5"]
[EventCountry "ENG"]
[SourceTitle "BritBase"]
[Source "John Saunders"]
[SourceDate "2024.03.28"]
[SourceVersion "1"]
[SourceVersionDate "2024.03.28"]
[SourceQuality "1"]

1. e4 e5 2. f4 exf4 3. Nf3 d6 4. d4 g5 5. h4 g4 6. Ng1 Qf6 7. Nc3 c6 8. Nge2
Bh6 9. g3 f3 10. Nf4 Bg7 11. Be3 h5 12. a4 a5 13. Bc4 Be6 14. Bxe6 fxe6 15. e5
dxe5 16. Ne4 Qe7 17. Ng6 Qc7 18. dxe5 Bxe5 19. Nxh8 Bxh8 20. Nd6+ Kf8 21. Bc5
Ne7 22. Qd2 Kg8 23. Qg5+ {Source: bulletin. Contributed by Andy Ansel, 1 April
2024.} 1-0

[Event "Greater Manchester Autumn Open"]
[Site "Manchester"]
[Date "1991.09.29"]
[Round "4"]
[White "Smith, Alan A"]
[Black "Knox, David A"]
[Result "0-1"]
[WhiteElo "2240"]
[BlackElo "2136"]
[PlyCount "28"]
[EventDate "1991.09.27"]
[EventType "swiss"]
[EventRounds "5"]
[EventCountry "ENG"]
[SourceTitle "BritBase"]
[Source "John Saunders"]
[SourceDate "2024.03.28"]
[SourceVersion "1"]
[SourceVersionDate "2024.03.28"]
[SourceQuality "1"]

1. Nf3 f5 2. d3 Nf6 3. e4 fxe4 4. dxe4 Nxe4 5. Bd3 Nf6 6. Ng5 g6 7. h4 d5 8. h5
Bg4 9. f3 Bxh5 10. g4 Qd6 11. gxh5 Bh6 12. Nxh7 $2 Rxh7 13. hxg6 $2 Qg3+ 14.
Kf1 Be3 $1 {Source: bulletin. Contributed by Andy Ansel, 1 April 2024.} 0-1

[Event "Greater Manchester Autumn Open"]
[Site "Manchester"]
[Date "1991.09.29"]
[Round "5"]
[White "Van Kemenade, Rudy"]
[Black "Sands, R"]
[Result "1-0"]
[WhiteElo "1968"]
[BlackElo "1856"]
[PlyCount "69"]
[EventDate "1991.09.27"]
[EventType "swiss"]
[EventRounds "5"]
[EventCountry "ENG"]

1. e4 c5 2. Nf3 d6 3. d4 cxd4 4. Nxd4 Nf6 5. Nc3 a6 6. Be3 e5 7. Nf3 Qc7 8. a4
h6 9. Nd2 b6 10. Bc4 Bb7 11. Qe2 Nbd7 12. O-O Be7 13. f3 O-O 14. Rfd1 Nc5 15.
Nf1 Rac8 16. Nd5 Nxd5 17. Bxd5 Bxd5 18. Rxd5 Ne6 19. Qxa6 Qxc2 20. Rc1 Qxc1 21.
Bxc1 Rxc1 22. Kf2 Rfc8 23. Rd2 R8c2 24. Qd3 Rxd2+ 25. Qxd2 Bg5 26. Ne3 Rc4 27.
b3 Rd4 28. Qc2 Nc5 29. Nc4 f5 30. exf5 d5 31. Ne3 Rd3 32. Nf1 Rxb3 33. a5 e4
34. Qxb3 Nxb3 35. a6 {Source: Rudy Van Kemenade, 5 April 2024} 1-0

[Event "Greater Manchester Autumn Open"]
[Site "Manchester"]
[Date "1991.09.??"]
[Round "?"]
[White "Beach, Richard A"]
[Black "Southall, Andrew C"]
[Result "1-0"]
[WhiteElo "2224"]
[BlackElo "2056"]
[PlyCount "67"]
[EventDate "1991.09.27"]
[EventType "swiss"]
[EventRounds "5"]
[EventCountry "ENG"]
[SourceTitle "BritBase"]
[Source "John Saunders"]
[SourceDate "2024.03.28"]
[SourceVersion "1"]
[SourceVersionDate "2024.03.28"]
[SourceQuality "1"]

1. e4 e6 2. d4 d5 3. Nc3 Nf6 4. Bg5 Bb4 5. e5 h6 6. Bd2 Bxc3 7. bxc3 Ne4 8. Qg4
Kf8 9. h4 c5 10. Bd3 Nxd2 11. Kxd2 Nc6 12. Rh3 c4 13. Be2 Qe7 14. Nf3 Bd7 15.
h5 Rg8 16. Qf4 Ke8 17. g4 Kd8 18. Nh4 b6 19. Rg1 Kc8 20. g5 hxg5 21. Rxg5 Kb7
22. Rhg3 Qf8 23. Qg4 Qd8 24. Nf3 Ne7 25. Nh4 Nc6 26. Qh3 Qf8 27. Qg2 Rc8 28.
Rxg7 Rxg7 29. Rxg7 Nxd4 30. cxd4 Qb4+ 31. Kc1 Ba4 32. Qf3 Ka6 33. a3 Qe1+ 34.
Bd1 {Source: bulletin. Contributed by Andy Ansel, 1 April 2024.} 1-0

[Event "Greater Manchester Autumn Open"]
[Site "Manchester"]
[Date "1991.09.??"]
[Round "?"]
[White "Beach, Richard A"]
[Black "Fallon, Paul"]
[Result "1-0"]
[WhiteElo "2224"]
[BlackElo "1904"]
[PlyCount "57"]
[EventDate "1991.09.27"]
[EventType "swiss"]
[EventRounds "5"]
[EventCountry "ENG"]
[SourceTitle "BritBase"]
[Source "John Saunders"]
[SourceDate "2024.03.28"]
[SourceVersion "1"]
[SourceVersionDate "2024.03.28"]
[SourceQuality "1"]

1. e4 e5 2. Nf3 Nc6 3. d4 exd4 4. Nxd4 Nf6 5. Nxc6 bxc6 6. e5 Qe7 7. Qe2 Nd5 8.
c4 Ba6 9. Nd2 O-O-O 10. Nf3 f6 11. Qe4 Nb6 12. Bd3 Re8 13. O-O g5 14. c5 Bxd3
15. Qxd3 Nd5 16. exf6 Qxf6 17. Bxg5 Qg7 18. b4 Rg8 19. g3 Qf7 20. Rab1 h6 21.
Qa6+ Kb8 22. b5 Nb6 23. cxb6 cxb6 24. bxc6 dxc6 25. Be3 Qxf3 26. Bxb6 axb6 27.
Qxb6+ Kc8 28. Qb7+ Kd8 29. Rbd1+ {Source: bulletin. Contributed by Andy Ansel,
1 April 2024.} 1-0

[Event "Greater Manchester Autumn Open"]
[Site "Manchester"]
[Date "1991.09.??"]
[Round "?"]
[White "Campbell, Eoin S"]
[Black "Haslinger, Gareth J"]
[Result "0-1"]
[WhiteElo "1928"]
[BlackElo "1984"]
[PlyCount "54"]
[EventDate "1991.09.27"]
[EventType "swiss"]
[EventRounds "5"]
[EventCountry "ENG"]
[SourceTitle "BritBase"]
[Source "John Saunders"]
[SourceDate "2024.03.28"]
[SourceVersion "1"]
[SourceVersionDate "2024.03.28"]
[SourceQuality "1"]

1. d4 Nf6 2. c4 g6 3. g3 Bg7 4. Bg2 d5 5. cxd5 Nxd5 6. Nc3 Nxc3 7. bxc3 c5 8.
e3 O-O 9. Ne2 Nc6 10. O-O Bg4 11. h3 Bxe2 12. Qxe2 Qc7 13. a4 Na5 14. Rb1 Rac8
15. Ba3 b6 16. dxc5 bxc5 17. Rb5 Bxc3 18. Rc1 Qe5 19. Qc2 a6 20. Rb6 Nc4 $2 21.
Rxa6 $2 (21. Rb3) 21... Bb4 22. Bxb4 $2 (22. Qxc4) 22... cxb4 23. Qe4 $2 Qxe4
24. Bxe4 b3 25. Rc6 Rxc6 26. Bxc6 Nd2 27. a5 b2 {Source: bulletin. Contributed
by Andy Ansel, 1 April 2024.} 0-1

[Event "Greater Manchester Autumn Open"]
[Site "Manchester"]
[Date "1991.09.??"]
[Round "?"]
[White "Cook, Philip R"]
[Black "Dutton, Ian R"]
[Result "0-1"]
[WhiteElo "2048"]
[BlackElo "2128"]
[PlyCount "68"]
[EventDate "1991.09.27"]
[EventType "swiss"]
[EventRounds "5"]
[EventCountry "ENG"]
[SourceTitle "BritBase"]
[Source "John Saunders"]
[SourceDate "2024.03.28"]
[SourceVersion "1"]
[SourceVersionDate "2024.03.28"]
[SourceQuality "1"]

1. d4 Nf6 2. Nf3 e6 3. g3 d5 4. c4 Be7 5. Bg2 O-O 6. O-O Nbd7 7. b3 c6 8. Bb2
b6 9. Nbd2 Bb7 10. Qc2 Rc8 11. e4 c5 12. exd5 exd5 13. Qf5 dxc4 14. Nxc4 Be4
15. Qf4 cxd4 16. Nxd4 Bxg2 17. Kxg2 Nc5 18. Nf5 Ne6 19. Qe5 Rc5 20. Nxe7+ Qxe7
21. Qe1 Re8 22. Qd1 Rd8 23. Qf3 Ng5 24. Bxf6 gxf6 25. Qg4 h5 26. Qf4 Qe6 27.
Rad1 Rxd1 28. Rxd1 Qh3+ 29. Kg1 Rf5 30. Qb8+ Kg7 31. Nd2 Qg4 32. Rf1 Qe2 33.
Qd6 Nh3+ 34. Kg2 Nxf2 {Source: bulletin. Contributed by Andy Ansel, 1 April
2024.} 0-1

[Event "Greater Manchester Autumn Open"]
[Site "Manchester"]
[Date "1991.09.??"]
[Round "?"]
[White "Cook, Philip R"]
[Black "Stephenson, J"]
[Result "1-0"]
[WhiteElo "2048"]
[BlackElo "1968"]
[PlyCount "71"]
[EventDate "1991.09.27"]
[EventType "swiss"]
[EventRounds "5"]
[EventCountry "ENG"]
[SourceTitle "BritBase"]
[Source "John Saunders"]
[SourceDate "2024.03.28"]
[SourceVersion "1"]
[SourceVersionDate "2024.03.28"]
[SourceQuality "1"]

1. d4 Nf6 2. Nf3 c5 3. d5 g6 4. Nc3 d6 5. e4 Bg7 6. Bb5+ Bd7 7. a4 O-O 8. O-O
Na6 9. Re1 Nc7 10. Bf1 Bg4 11. h3 Bxf3 12. Qxf3 a6 13. Rb1 Nd7 14. Bg5 h6 15.
Be3 Rb8 16. Qg3 b5 17. axb5 axb5 18. f4 b4 19. Ne2 Nb5 20. f5 Ne5 21. fxg6 Nxg6
22. h4 Kh7 23. h5 Ne5 24. Qf4 Qd7 25. Ng3 Ng4 $2 26. Nf5 Nxe3 27. Rxe3 Nd4 28.
Nxg7 Kxg7 29. Rg3+ Kh7 30. e5 dxe5 31. Bd3+ f5 32. Qxe5 Rg8 33. Rg6 Rbf8 34. c3
Nb5 35. Bxb5 Qxb5 36. Qxe7+ {Source: bulletin. Contributed by Andy Ansel, 1
April 2024.} 1-0

[Event "Greater Manchester Autumn Open"]
[Site "Manchester"]
[Date "1991.09.??"]
[Round "?"]
[White "Crocker, Philip J"]
[Black "Lewis, Alex"]
[Result "0-1"]
[WhiteElo "2048"]
[BlackElo "1944"]
[PlyCount "106"]
[EventDate "1991.09.27"]
[EventType "swiss"]
[EventRounds "5"]
[EventCountry "ENG"]
[SourceTitle "BritBase"]
[Source "John Saunders"]
[SourceDate "2024.03.28"]
[SourceVersion "1"]
[SourceVersionDate "2024.03.28"]
[SourceQuality "1"]

1. d4 Nf6 2. Nf3 g6 3. c4 Bg7 4. Nc3 O-O 5. e4 d6 6. Be2 e5 7. O-O Nc6 8. d5
Ne7 9. Bg5 Nd7 10. Nd2 f6 11. Be3 f5 12. f3 f4 13. Bf2 Nf6 14. c5 g5 15. Rc1 a6
16. Nc4 Ng6 17. cxd6 cxd6 18. Nb6 Rb8 19. Nca4 g4 20. Rxc8 Rxc8 21. Nxc8 Qxc8
22. Nb6 Qd8 23. g3 Nh5 24. Kg2 fxg3 25. hxg3 Nxg3 26. Bxg3 gxf3+ 27. Rxf3 Qxb6
28. Rxf8+ Bxf8 29. Qc1 Qd8 30. Bg4 Qb6 31. b3 Qa5 32. a3 h6 33. Bf5 Ne7 34.
Be6+ Kh7 35. Bh4 Ng6 36. Bf5 Kg7 37. Bxg6 Kxg6 38. Qe3 Qc7 39. Qg3+ Kh7 40. Qf2
Qg7+ 41. Kf1 Kg8 42. Ke2 Be7 43. Bxe7 Qxe7 44. Qf5 Qf7 45. Qg4+ Kh7 46. Qh3 h5
47. Qh4 Kh6 48. Qh3 $2 (48. Qd8 $8) 48... Qg6 49. Kf3 Qf6+ 50. Ke2 h4 51. Qe3+
Kh5 52. Qh3 Qf4 53. Qd3 Qg4+ {Source: bulletin. Contributed by Andy Ansel, 1
April 2024.} 0-1

[Event "Greater Manchester Autumn Open"]
[Site "Manchester"]
[Date "1991.09.??"]
[Round "?"]
[White "Dineley, Richard DP"]
[Black "Howell, James C"]
[Result "0-1"]
[WhiteElo "2072"]
[BlackElo "2488"]
[PlyCount "62"]
[EventDate "1991.09.27"]
[EventType "swiss"]
[EventRounds "5"]
[EventCountry "ENG"]
[SourceTitle "BritBase"]
[Source "John Saunders"]
[SourceDate "2024.03.28"]
[SourceVersion "1"]
[SourceVersionDate "2024.03.28"]
[SourceQuality "1"]

1. c4 e5 2. Nc3 Nf6 3. Nf3 Nc6 4. e3 Bb4 5. Qc2 O-O 6. Nd5 Re8 7. Qf5 d6 8.
Nxf6+ gxf6 9. Qh5 d5 10. a3 Bf8 11. d4 e4 12. Nd2 Ne7 13. Be2 c6 14. O-O f5 15.
f3 Ng6 16. cxd5 cxd5 17. fxe4 fxe4 18. Nb1 Be6 19. Nc3 Bg7 20. Bd1 Rf8 21. b4
f5 22. Bb3 Kh8 23. Bd2 Qd7 24. g3 Rad8 25. Qe2 f4 26. gxf4 Nh4 27. Bd1 Bh3 28.
Rf2 Rg8 29. Kh1 Bf6 30. Qb5 Qg7 31. Bh5 Bg2+ {Source: bulletin. Contributed by
Andy Ansel, 1 April 2024.} 0-1

[Event "Greater Manchester Autumn Open"]
[Site "Manchester"]
[Date "1991.09.??"]
[Round "?"]
[White "Dutton, Ian R"]
[Black "Peacock, Malcolm R"]
[Result "1-0"]
[WhiteElo "2128"]
[BlackElo "2008"]
[PlyCount "63"]
[EventDate "1991.09.27"]
[EventType "swiss"]
[EventRounds "5"]
[EventCountry "ENG"]
[SourceTitle "BritBase"]
[Source "John Saunders"]
[SourceDate "2024.03.28"]
[SourceVersion "1"]
[SourceVersionDate "2024.03.28"]
[SourceQuality "1"]

1. e4 e6 2. d4 d5 3. e5 c5 4. c3 Bd7 5. Nf3 Nc6 6. Be2 Nge7 7. O-O Qb6 8. dxc5
Qxc5 9. Na3 Ng6 10. b4 Qb6 11. Be3 Qd8 12. Nd4 Be7 13. f4 O-O 14. Nac2 Rc8 15.
Bd3 f5 16. g4 Nh4 17. Kh1 Nxd4 18. Bxd4 Ba4 19. Rg1 Bxc2 20. Bxc2 fxg4 21. Qxg4
Rf7 22. Qxe6 Nf3 23. Bxh7+ Kf8 24. Bg6 Rxf4 25. Raf1 Bg5 26. Rg3 Rc6 27. Bc5+
Be7 28. Bxe7+ Qxe7 29. Qh3 Rxg6 30. Rxg6 Qxe5 31. Rxf3 Qe4 32. Qh8+ {Source:
bulletin. Contributed by Andy Ansel, 1 April 2024.} 1-0

[Event "Greater Manchester Autumn Open"]
[Site "Manchester"]
[Date "1991.09.??"]
[Round "?"]
[White "Dutton, Ian R"]
[Black "Toole, David"]
[Result "0-1"]
[WhiteElo "2128"]
[BlackElo "1944"]
[PlyCount "82"]
[EventDate "1991.09.27"]
[EventType "swiss"]
[EventRounds "5"]
[EventCountry "ENG"]
[SourceTitle "BritBase"]
[Source "John Saunders"]
[SourceDate "2024.03.28"]
[SourceVersion "1"]
[SourceVersionDate "2024.03.28"]
[SourceQuality "1"]

1. e4 c5 2. Nf3 d6 3. Bb5+ Bd7 4. Bxd7+ Qxd7 5. O-O Nc6 6. c3 Nf6 7. d4 Nxe4 8.
d5 Ne5 9. Re1 Nf6 10. Nxe5 dxe5 11. Rxe5 e6 12. c4 Bd6 13. Re1 O-O-O 14. Bg5 h6
15. Bxf6 gxf6 16. Nc3 a6 17. Rc1 f5 18. h3 Rhg8 19. b4 Rg6 20. bxc5 Bxc5 21.
Na4 Qc7 22. Qf3 Rdg8 23. Nxc5 Qxc5 24. dxe6 Rxg2+ 25. Qxg2 Rxg2+ 26. Kxg2 Qc6+
27. Kg1 fxe6 28. c5 f4 29. Rc3 Qd5 30. a3 e5 31. c6 bxc6 32. Rec1 Kd7 33. Rc5
Qe4 34. R1c4 Qg6+ 35. Kh2 e4 36. Rd4+ Kc7 37. Rc1 f3 38. Rg1 Qf5 39. Rg7+ Kb6
40. Rb4+ Kc5 41. Re7 Qg5 {Source: bulletin. Contributed by Andy Ansel, 1 April
2024.} 0-1

[Event "Greater Manchester Autumn Open"]
[Site "Manchester"]
[Date "1991.09.??"]
[Round "?"]
[White "Giblin, William TP"]
[Black "Howell, James C"]
[Result "0-1"]
[WhiteElo "2064"]
[BlackElo "2488"]
[PlyCount "65"]
[EventDate "1991.09.27"]
[EventType "swiss"]
[EventRounds "5"]
[EventCountry "ENG"]
[SourceTitle "BritBase"]
[Source "John Saunders"]
[SourceDate "2024.03.28"]
[SourceVersion "1"]
[SourceVersionDate "2024.03.28"]
[SourceQuality "1"]

1. e4 c5 2. Nf3 e6 3. Nc3 d6 4. d4 cxd4 5. Nxd4 a6 6. f4 Nf6 7. Be3 b5 8. a3
Bb7 9. Bd3 Nbd7 10. O-O g6 11. Nf3 Ng4 12. Bf2 Bg7 13. Kh1 Nxf2+ 14. Rxf2 O-O
15. Qe2 Rc8 16. Nd1 Nc5 17. Rb1 Rc7 18. b4 Na4 19. Nd2 f5 20. exf5 exf5 21.
Qe6+ Kh8 22. Re2 Bc6 23. Qe3 Re8 24. Qf2 Rce7 25. Nf3 Rxe2 26. Bxe2 Qe7 27. Bf1
Qe4 28. Ng5 Qe1 29. h4 Nb2 30. Nf3 Bxf3 31. Qxf3 Nc4 32. Rb3 Nd2 33. Qc6 {
Source: bulletin. Contributed by Andy Ansel, 1 April 2024.} 0-1

[Event "Greater Manchester Autumn Open"]
[Site "Manchester"]
[Date "1991.09.??"]
[Round "?"]
[White "Grist, Howard"]
[Black "King, Jonathan T"]
[Result "1-0"]
[WhiteElo "1848"]
[BlackElo "1968"]
[PlyCount "81"]
[EventDate "1991.09.27"]
[EventType "swiss"]
[EventRounds "5"]
[EventCountry "ENG"]
[SourceTitle "BritBase"]
[Source "John Saunders"]
[SourceDate "2024.03.28"]
[SourceVersion "1"]
[SourceVersionDate "2024.03.28"]
[SourceQuality "1"]

1. e4 e5 2. Nf3 Nc6 3. d4 exd4 4. Nxd4 Qh4 5. Nb5 Bb4+ 6. Bd2 Qxe4+ 7. Be2 Kd8
8. O-O Bxd2 9. Nxd2 Qf4 10. Nf3 Nge7 11. g3 Qf6 12. c3 a6 13. Nbd4 d6 14. Re1
Nxd4 15. Nxd4 Bd7 16. Qb3 Kc8 17. Bf3 Nc6 18. Re3 Re8 19. Rxe8+ Bxe8 20. Re1
Bd7 21. Nxc6 Qxf3 22. Nd4 Qf6 23. Re3 Qg6 24. Re7 Bh3 25. Qd1 Kb8 26. Ne2 Qf6
27. Re4 Ka7 28. Nf4 Bd7 29. Nd5 Qd8 30. Qd4+ Kb8 31. Qxg7 Be6 32. Nf4 Bxa2 33.
Qxh7 Qf6 34. Qh5 Ka7 35. Qa5 Bb1 36. Re1 b6 37. Qa4 Bf5 38. Qc6 Bc8 39. Qxc7+
Bb7 40. Re7 Rb8 41. Nd5 {Source: bulletin. Contributed by Andy Ansel, 1 April
2024.} 1-0

[Event "Greater Manchester Autumn Open"]
[Site "Manchester"]
[Date "1991.09.??"]
[Round "?"]
[White "Haslinger, Gareth J"]
[Black "Giblin, William TP"]
[Result "0-1"]
[WhiteElo "1984"]
[BlackElo "2064"]
[PlyCount "94"]
[EventDate "1991.09.27"]
[EventType "swiss"]
[EventRounds "5"]
[EventCountry "ENG"]
[SourceTitle "BritBase"]
[Source "John Saunders"]
[SourceDate "2024.03.28"]
[SourceVersion "1"]
[SourceVersionDate "2024.03.28"]
[SourceQuality "1"]

1. d4 Nf6 2. c4 e6 3. Nc3 Bb4 4. Bg5 h6 5. Bh4 Bxc3+ 6. bxc3 Qe7 7. e3 d6 8.
Bd3 Nbd7 9. Ne2 g5 10. Bg3 Nh5 11. Qb1 Nxg3 12. Nxg3 h5 13. O-O h4 14. Ne2 e5
15. Qc2 Nf6 16. Bf5 e4 17. Bxc8 Rxc8 18. Qa4+ Qd7 19. Qxd7+ Kxd7 20. Rab1 b6
21. f3 Rhf8 22. Rb5 c5 23. Rd1 Kc6 24. f4 g4 25. Rdb1 Ng8 26. a4 Nh6 27. a5 Rb8
28. Ra1 Nf5 29. Kf2 a6 30. Rxb6+ Rxb6 31. axb6 Kxb6 32. Rd1 Kc6 33. dxc5 dxc5
34. Rd5 Nd6 35. Rh5 a5 36. Rxh4 a4 37. h3 g3+ 38. Kxg3 a3 39. Nc1 Rb8 40. Rh5
Rb1 41. Na2 Ra1 42. Nb4+ cxb4 43. cxb4 a2 44. Ra5 Nxc4 45. Ra8 Nxe3 46. h4 Nf5+
47. Kg4 Nxh4 {Source: bulletin. Contributed by Andy Ansel, 1 April 2024.} 0-1